| 000 | 01060cam a22002891 4500 | ||
|---|---|---|---|
| 001 | agr34000173 | ||
| 003 | DLC | ||
| 005 | 20260227110953.0 | ||
| 008 | 800319s1933 nyua b 000 0 eng | ||
| 010 | _aagr34000173 | ||
| 035 | _a(OCoLC)6106900 | ||
| 040 |
_aDLC _cTxCM _dOCoLC _dDLC |
||
| 042 | _apremarc | ||
| 050 | 0 | 0 |
_aTA420 _b.C63 |
| 100 | 1 |
_aCockrell, Robert Alexander, _d1909- |
|
| 245 | 1 | 2 |
_aA study of the screw-holding properties of wood. _cBy Robert A. Cockrell. |
| 260 |
_aSyracuse, N.Y., _bNew York State College of Forestry at Syracuse, _c1933. |
||
| 300 |
_a28 p. _bdiagrs. |
||
| 490 | 1 |
_aNew York State College of Forestry at Syracuse University. Technical publication _vno. 44 |
|
| 490 | 0 |
_aBulletin _vv. VI. no. 3 |
|
| 502 | _aThesis (M. Sc.)--Syracuse University. | ||
| 500 | _aThesis note in foot-note, p. 7. | ||
| 504 | _aBibliography: p. 21. | ||
| 650 | 0 |
_aWood _xTesting. |
|
| 740 | 0 | _aScrew-holding properties of wood. | |
| 810 | 2 |
_aState University College of Forestry at Syracuse University. _tTechnical publication ; _vno. 44. |
|
| 999 |
_c9618 _d9618 |
||